[Event "SUI-ch"]
[Site "Leukerbad"]
[Date "2002.07.17"]
[Round "7"]
[White "Ballmann, Martin"]
[Black "Nemet, Ivan"]
[Result "0-1"]
[WhiteElo "2431"]
[BlackElo "2439"]
[Annotator "Rabinovich,Al"]
[PlyCount "86"]
[EventDate "2002.07.11"]
[EventType "tourn"]
[EventRounds "9"]
[EventCountry "SUI"]
[EventCategory "9"]
[SourceTitle "CBM 091"]
[Source "ChessBase"]
[SourceDate "2002.11.12"]
[SourceVersion "1"]
[SourceVersionDate "2002.11.12"]
[SourceQuality "1"]

1. d4 c5 2. c3 {Another way to avoid well known theoretical positions.....} e6
(2... cxd4 3. cxd4 Nf6 4. Nc3 d5 {Transfering to Slav Defence.} 5. Nf3 e6 6.
Bf4 Bd6 7. Bg3 $14 {1/2-1/2 Hort,V-Huebner,R/Wijk aan Zee 1982/MCD (17)}) (2...
d5 $6 {Noteboom with a tempo more must be good for white!} 3. dxc5 e6 4. b4 a5
5. a3 b6 6. cxb6 axb4 7. cxb4 Bxb4+ 8. axb4 Rxa1 9. Bb2 $16 {1-0 Hort,
V-Velimirovic,D/Novi Sad 1976/EXT 99 (29)}) 3. Nf3 Nc6 (3... Nf6 4. e3 (4. Bg5
h6 5. Bxf6 Qxf6 6. e4 Qd8 7. Nbd2 $11 {1/2-1/2 Miles,A-Hoffman,A/Havana 1999/
CBM 71 (21)}) 4... d5 5. Nbd2 Bd6 (5... Nc6 6. Bd3 Be7 7. O-O O-O 8. Ne5 Nxe5
9. dxe5 Nd7 10. f4 $14 {1/2-1/2 Bareev,E-Tukmakov,V/Tilburg 1994/CBM 44 (38)})
6. Bd3 Nc6 7. O-O O-O 8. e4 cxd4 9. cxd4 Nb4 $11 {1/2-1/2 Khalifman,A-Yudasin,
L/Tilburg 1994/CBM 44 (24)}) 4. a3 $5 {White wants to transfer to Slav Defence
structures with opposite coloures.} a5 $5 (4... d5 5. b4 cxd4 6. cxd4 Bd6 (6...
Bd7 7. Bg5 f6 8. Bd2 a5 9. b5 Na7 10. a4 Nc8 11. e3 Nh6 12. Bd3 $14 {1-0
Ballmann,M-Bauer,C/SUI 2001/EXT 2002 (51)}) 7. e3 Bd7 8. Be2 f5 9. Bb2 Nh6 10.
Nbd2 O-O 11. Nb3 a5 12. b5 $14 {1/2-1/2 Brianski,D-Kruppa,Y/Kharkov 1988/EXT
97 (43)}) (4... Nf6 5. Bf4 Qb6 6. Ra2 a5 7. e3 d5 8. a4 Nh5 9. Bg3 Nxg3 10.
hxg3 Be7 11. Bd3 Bd7 12. Nbd2 O-O-O $132 {0-1 Stefanova,A-Teran Alvarez,I/
Mancha Real 2000/EXT 2001 (41)}) 5. c4 $6 {Now rised position from English
Opening with probably unneeded move a5 for black,but a waste of tempo for
white?!} cxd4 6. Nxd4 Bc5 7. Nb5 {In the normal position the bishop should be
now on f8,so now black achieves an easy game.} Nf6 $1 8. Nd6+ Bxd6 9. Qxd6 Ne4
$11 10. Qd3 (10. Qf4 d5 11. e3 $6 (11. cxd5 Qxd5 12. f3 Nd4 $1 {[%cal Gd4b3,
Gd4c2]} 13. fxe4 Nc2+ 14. Kf2 Qb3 $17 {[%cal Gb3b6]}) 11... g5 $1 12. Qg4 Ne5
$15) 10... d5 (10... Nc5 $5 11. Qe3 d6 12. g3 a4 $1 $15 {[%csl Rb3][%cal Gc6a5,
Ga5b3,Ga5c4,Gc8d7,Gd7c6]}) 11. Nc3 Nc5 (11... Nxc3 $5 12. Qxc3 O-O $32) 12. Qg3
O-O 13. Bg5 {[%cal Gg5f6]} (13. Bh6 $143 Qf6 14. Bg5 Qf5 $132 {[%cal Gc6d4,
Gc5b3]}) 13... f6 {Both sides play very dynamicly and now the position keeps
to stay very complicated,but the character of this dynamical position is that
even one small mistake can lead to lost position! And white should be aware
since his king is in the center and the development is yet finished!} (13...
Qb6 14. Bh6) 14. Bh6 Rf7 15. cxd5 $6 (15. Rd1 $142 $5 {Important to keep this
square from black knight!} d4 16. Nb5 e5 $15) 15... Nd4 $1 (15... exd5 $5 16.
Rd1 d4 $132) 16. Rd1 $8 (16. O-O-O $2 exd5 $17 {[%cal Gc8f5,Gc5b3]}) 16... e5
$6 (16... Nc2+ $142 $1 17. Kd2 Nd4 {[%cal Gc5b3,Gd4c2] And white is in trouble!
} 18. Ke1 $8 e5 $15 {The same like in the game but white lost his right for
castle.}) 17. e4 b5 $1 {[%cal Gb5b4]} 18. Bxb5 {Forced!} (18. f3 Qb6 $36 {
[%cal Gb5b4,Gf6f5,Gb6h6]}) 18... Nxb5 19. Nxb5 Nxe4 20. Qh4 {Imagine that
black could get the same position but white couldn't castle!} (20. Qd3 Bf5 $15
{[%csl Rh6][%cal Ga8b8]}) 20... Qd7 21. a4 (21. Qxe4 Qxb5 22. Bc1 Ba6 $44)
21... f5 (21... Nd6 $1 22. Nxd6 Qxd6 23. Be3 Ba6 $15 {[%cal Gf7b7,Ga8b8,Gb7b2,
Gb8b7] /-/+}) 22. Bc1 Ba6 23. O-O Bxb5 24. axb5 Qxb5 $15 {[%csl Rc1] White d5P
is weak and black occupies it.} 25. f3 (25. Rfe1 $142 $132 {[%cal Gf2f3,Ge1e5]}
) 25... Nf6 {[%csl Rd5]} 26. d6 (26. Rfe1 $5 e4 27. fxe4 fxe4 $15) 26... Ne8 $1
$17 {[%csl Rd6][%cal Gf7d7,Ga8d8] White simply looses the pawn.} 27. Rf2 Rd7
28. Rfd2 {[%cal Gd2d5]} Rxd6 $1 (28... Rad8 29. Rd5 Qb6+ 30. Kh1 Rxd6 31. Qe7
$2 (31. Rxd6 Rxd6 32. Qc4+ Kf8 33. Re1 $17) 31... Rxd5 32. Rxd5 Qb5 $3 $19) 29.
Rxd6 Nxd6 30. Qe7 $1 (30. Rxd6 Qc5+ $19) 30... Nf7 31. Rd7 {On the first sight
it seems that white initiative is strong,but in reality it is only illusion
and black manages to activate his pieces by advancing his extra pawn.} Rf8 $2 {
Too passive,now white gets a strong initiative which at least should be enough
for equality!} (31... Qb6+ $5 32. Kh1 Qf6 33. Qxf6 gxf6 $17 {[%cal Gg7g6]}) 32.
h3 (32. Be3 {[%cal Ge3c5]} Qe2 {[%cal Ge2e1,Ge2e3]} 33. Bd2 Qd1+ 34. Kf2 Qc2
$17 {[%cal Gc2b2,Gc2f2,Ge5e4]}) 32... f4 $5 {[%csl Rc1]} 33. Bd2 {[%csl Ra5]
[%cal Gd7a7]} (33. Kh2 $142) 33... Qxb2 34. Kh2 e4 $6 {Last tricky try,which
unfortunately leads to white advantage.} (34... a4 $4 35. Bb4 $18) (34... Qb6
35. Ra7 Qf6 36. Bxa5 Qxe7 37. Rxe7 Rc8 38. Bc3 $11) 35. fxe4 $2 {[%mdl 16384]
White falls into the trap,while after simple 35.Qe4 white would keep
positional and soon probably material advantage.} (35. Qxe4 $14 {[%csl Ra5,Rf4]
/+/-}) 35... f3 $2 {[%mdl 8192]} (35... Qe5 $1 {[%cal Gf4f3,Ga5a4]} 36. Kh1 (
36. Qxe5 Nxe5 37. Re7 f3 $19) 36... f3 37. gxf3 (37. Qxe5 Nxe5 $19 {[%cal
Gf3f2,Ge5d7]}) 37... Qg3 $17) 36. gxf3 Qe5+ 37. f4 {I believe black missed
this defensive attempt.} (37. Qxe5 $2 Nxe5 $17) 37... Qh5 (37... Qxe7 38. Rxe7
$16) 38. Bxa5 $4 {[%mdl 8192]} (38. e5 $5 Qf3 $11 {[%cal Gf3f2]}) 38... Qxa5
39. e5 {[%cal Ge5e6] White threatens to play e6,but black can easily defend
the g7 square.} Qe1 $1 {The quickest!} 40. e6 Qf2+ 41. Kh1 Qf1+ 42. Kh2 Qxf4+
43. Kh1 Qe4+ (43... Qe4+ 44. Kg1 (44. Kh2 Qe5+ 45. Kh1 Ng5 $19 {[%cal Gf8f1]})
44... Qg6+ 45. Kh1 Ne5 $19 {[%cal Gf8f1]}) 0-1

[Event "EU-Cup 22nd"]
[Site "Fuegen"]
[Date "2006.10.09"]
[Round "2.3"]
[White "Novkovic, Milan"]
[Black "Heberla, Bartlomiej"]
[Result "0-1"]
[WhiteElo "2417"]
[BlackElo "2569"]
[Annotator "Reeh,O"]
[PlyCount "48"]
[EventDate "2006.10.08"]
[EventType "team-swiss"]
[EventRounds "7"]
[EventCountry "AUT"]
[SourceTitle "CBM 115"]
[Source "ChessBase"]
[SourceDate "2006.11.15"]
[SourceVersion "1"]
[SourceVersionDate "2006.11.15"]
[SourceQuality "1"]
[WhiteTeam "Hohenems"]
[BlackTeam "Pardubice"]
[WhiteTeamCountry "AUT"]
[BlackTeamCountry "CZE"]

1. d4 g6 2. Nf3 Bg7 3. c4 c5 4. d5 d6 5. e4 e6 6. Nc3 Ne7 7. Bd3 O-O 8. Bg5 h6
9. Bd2 exd5 10. exd5 Bg4 11. Be2 $6 {In this game White loses too much time
with this bishop. In dieser Partie verliert Weiß zu viel Zeit mit diesem
Läufer.} (11. h3 $1) 11... Nf5 12. O-O Nd7 13. Rb1 Re8 14. h3 Bxf3 15. Bxf3 Nd4
16. Be2 Qh4 $15 17. b3 Re7 18. Re1 Rae8 19. Bf1 {See note on the 11th move!
Siehe Anmerkung zum 11. Zug!} Rxe1 20. Bxe1 Ne5 21. Bd2 g5 22. Ne2 $2 ({
Now Nun war} 22. Be2 $1 {was really indicated. wirklich notwendig.}) {[%tqu
"En","With his last move White has tried to exchange the mighty knight on d4.
How do you react?","The knight retreat to e2 has weakened both d3 and f3...",
"Find a move which opens the kingside - and don't forget to look at the
queenside either!","e5f3","Very good! This forces the white king onto a white
square, enabling the black queen to finally give a most profitable check on
e4!",20,"d4f3","Just as good as the text.",20,"e5d3","In fact, this move is
also very strong, though one has to calculate further ahead.",20,"De","Mit
seinem letzten Zug will Weiß den mächtigen Springer auf d4 abtauschen. Wie
reagieren Sie?","Der Springerrückzug nach e2 hat sowohl d3 als auch f3
geschwächt...","Finden Sie einen Zug, der den Königsflügel aufreißt - und
vergesse Sie nicht, auch zum Damenflügel herüber zu schauen!","e5f3","Sehr
gut! Dies zwingt den weißen König auf ein weißes Feld, so dass am Ende die
schwarze Dame ein höchst profitables Schach auf e4 geben kann!",20,"d4f3",
"Just as good as the text.",20,"e5d3","In fact, this move is also very strong,
though one has to calculate further ahead.",20]} 22... Nef3+ $1 {Very nice -
Black rips open White's position on the kingside to finally win material on
the queenside. Sehr schön - Schwarz reißt die weiße Stellung am Königsflügel
auf, um letztlich am Damenflügel Material zu gewinnen.} ({In fact Black had
another very good possibility here: Tatsächlich hatte Schwarz hier noch eine
andere sehr gute Möglichkeit:} 22... Nd3 $1 23. Ng3 (23. Be1 Nxe1 24. Qxe1
Nxe2+ 25. Bxe2 Qe4 $19) (23. Be3 Rxe3 24. fxe3 Qf2+ 25. Kh1 Qxe3 $19) {[%tqu
"En","How would you continue?","White's dark squares on the kingside are very
weak.","Uproot the knight on g3!","d3f2","Dragging White's king into the open
and initiating a massacre on the dark squares!",20,"De","Wie würden Sie
fortsetzen?","Die dunklen Felder des Anziehenden am Königsflügel sind sehr
schwach.","Entwurzeln Sie den Springer auf g3!","d3f2","Zerrt den weißen König
ins Freie und leitet ein Massaker auf den schwarzen Feldern ein!",20]} 23...
Nxf2 $1 24. Kxf2 Nf5 25. Qg4 Qxg4 26. hxg4 Bd4+ 27. Kf3 Nh4# {- a beautiful
finish! - ein wunderschönes Finale!}) 23. gxf3 Nxf3+ 24. Kg2 Nxd2 (24... Nxd2 {
and White resigned, since after und Weiß gab auf, denn nach} 25. Qxd2 Qe4+ {
he loses the rook on b1. verliert er den Turm auf b1.}) 0-1

[Event "EU-chT (Men) 13th"]
[Site "Leon"]
[Date "2001.11.11"]
[Round "6.1"]
[White "Quinn, Mark"]
[Black "Kengis, Edvins"]
[Result "0-1"]
[WhiteElo "2387"]
[BlackElo "2561"]
[Annotator "Ribli,Z"]
[PlyCount "84"]
[EventDate "2001.11.06"]
[EventType "team-swiss"]
[EventRounds "9"]
[EventCountry "ESP"]
[SourceTitle "CBM 086"]
[Source "ChessBase"]
[SourceDate "2002.02.05"]
[SourceVersion "1"]
[SourceVersionDate "2002.02.05"]
[SourceQuality "1"]
[WhiteTeam "Ireland"]
[BlackTeam "Latvia"]
[WhiteTeamCountry "IRL"]
[BlackTeamCountry "LAT"]

1. d4 e6 2. g3 {Weiß möchte die Variante 2. c4 b6 vermeiden.} c5 3. Nf3 Qa5+ {
Kengis spielt gerne diese spezielle Nebenvariante. Die Hauptidee von Schwarz
besteht darin, die weiße Entwicklung zu stören.} 4. Nc3 {Weiß entwickelt
seinen zweiten Springer, in der Folge steht der Nc3 aber weniger gut, denn er
blockiert den c - Bauern. Ich halte die Alternative 4.c3 daher für die beste
Fortsetzung.} (4. Nbd2 cxd4 5. Nxd4 Nc6 6. N4b3 Qc7 7. Bg2 Nf6 8. O-O Be7 9. c4
(9. Ne4 Nxe4 10. Bxe4 d5 11. Bg2 O-O 12. e4 dxe4 13. Bxe4 e5 14. Re1 Be6 {
1/2-1/2 Koch,T-Kengis,E/Germany 1996/GER-chT2 (34)}) 9... d6 10. Nf3 O-O 11.
Be3 (11. Bf4 e5 12. Bg5 Be6 13. Rc1 a5 14. Nbd2 Rfd8 15. Bxf6 Bxf6 16. Ne4 Be7
{1/2-1/2 Romanishin,O-Kengis,E/Tilburg 1992/CBM 32 (35)}) 11... e5 12. h3 Be6
13. Rc1 h6 14. Kh2 Rfd8 15. Nfd2 a5 {1/2-1/2 Maksimenko,A-Kengis,E/Vienna 1996/
CBM 53 ext (35)}) (4. c3 cxd4 5. Qxd4 Nc6 6. Qd3 d5 7. Bg2 Nf6 8. O-O Be7 (8...
e5 9. Nfd2 Be6 10. Nb3 Qc7 11. Bg5) 9. b4 $5 Qa4 (9... Qc7 10. b5 Na5 11. Bf4
Qd8 12. Nbd2) 10. a3 O-O 11. Bb2 {1-0 Marin,M-Efimov,I/Manresa 1993/CBM 38/
[Marin,M] (53)}) 4... Nf6 5. Bd2 {[%cal Gd2a5] Die positionelle Drohung von
Weiß ist 6. d5 und 7. e4.} (5. Bg2 Nc6 6. O-O d5 7. Bg5 Be7 8. dxc5 (8. Re1 O-O
9. dxc5 Qxc5 10. e4 {1/2-1/2 Lerner,K-Kengis,E/Vienna 1994/EXT 98 (10)}) (8.
Qd3 h6 9. Bxf6 Bxf6 10. e3 O-O 11. a3 cxd4 12. exd4 Bd7 13. b4 Qc7 14. Nd1 Rac8
15. Ne3 Ne7 16. Rfc1 Qc3 {1/2-1/2 Van Wely,L-Kengis,E/Germany 1993/GER-chT2 
(46)}) 8... h6 9. Be3 Bxc5 10. Bxc5 Qxc5 11. e4 O-O 12. exd5 exd5 13. Ne2 Qb6
14. b3 Bf5 15. c3 Rfe8 16. Ned4 Be4 {1/2-1/2 Cosma,I-Lalic,B/Cappelle la
Grande 1998/CBM 63 ext (16)}) 5... cxd4 6. Nxd4 Qb6 {Schwarz verliert ein
Tempo mit der Dame, aber die weißen Figuren stehen etwas unnatürlich.} 7. Nb3
d5 {Schwarz hat das Übergewicht im Zentrum und eine bequeme Stellung. Der
weiße Entwicklungsvorsprung spielt keine besondere Rolle.} (7... Qc6 $6 8. Rg1
d5 9. e4 $1 $16 {Ich glaube, dass Tal diesen Zug seinerzeit übersehen hatte.
Es droht 10. Bb5 mit sofortigem Gewinn.} Nbd7 10. exd5 Nxd5 11. Bg2 N7f6 12.
Qe2 Be7 13. Nxd5 exd5 14. O-O-O Qe6 15. Rge1 O-O 16. Qb5 Ne4 17. Bf4 Qf6 18.
Rxd5 Ba3 19. Bxe4 Bxb2+ 20. Kb1 Ba3 21. Bc1 {1-0 Ribli,Z-Tal,M/Bugojno 1984/
MCD (21)}) 8. Bg2 Nc6 9. O-O Be7 10. a4 {Weiß möchte die Stellung der Qb6
ausnutzen.} (10. e4 d4 (10... dxe4 11. Nxe4 Nxe4 12. Bxe4 $11) 11. Ne2 e5 $15)
10... O-O 11. a5 Qd8 12. f4 $6 {Weiß plant 13.e4, und nach von 13...d4 14. Ne2
wäre die Antwort 14...e5 weniger stark. Dieser Plan gefällt mir aber nicht,
denn Weiß schwächt dadurch zu sehr seine Königsstellung.} (12. e4 d4 13. Ne2 e5
14. Nec1 $11 {[%cal Gc1d3]}) 12... d4 $1 13. Nb5 a6 14. Na3 (14. Bxc6 bxc6 (
14... axb5 15. Bxb5 $16) 15. N5xd4 Bb7 $44 {[%cal Gc6c5]}) 14... e5 $1 (14...
Nd5 15. Nc4 $13) 15. Nc4 (15. Bxc6 bxc6 16. fxe5 Ng4 $36) 15... e4 $36 {
[%csl Gd4,Ge4] Die schwarzen Zentrumsbauern sind stark, aber die Lage ist noch
nicht eindeutig. Denn Weiß beherrscht das Feld b6.} 16. f5 $13 {Damit schränkt
Weiß den Wirkungskreis des Bc8 ein.} (16. Nb6 Rb8) 16... Re8 17. Nb6 Rb8 18.
Ra4 (18. Bf4 Bd6 19. Bg5 (19. Nxd4 $4 Bxf4 20. Nxc6 Be3+ $19) 19... Bc7 $13 (
19... h6 $13)) 18... Bd6 19. e3 (19. Nxd4 Bc5 $5 (19... Nxd4 20. Rxd4 Bc5 21.
Bc3 Bxd4+ 22. Qxd4 Qxd4+ 23. Bxd4 $44 {Schwarz hat Materialvorteil, aber die
weißen Figuren stehen aktiv.}) 20. Bc3 (20. e3 Nxd4 21. exd4 Bxd4+ 22. Kh1 Bxb6
23. axb6 Qxb6 $17) 20... Nxa5 21. Nxc8 Nc6 $13) 19... Be5 (19... d3 20. Bc3 Be5
$13 (20... dxc2 21. Qxc2 Ng4 $13)) 20. exd4 (20. Nxc8 $6 {Dieser Zug wäre ein
strategischer Fehler - Weiß tauscht seinen aktiven Springer ab.} Rxc8 $15)
20... Bc7 {[%cal Re4e3,Re3e2][%mdl 64] Schwarz verzichtet auf das
Zurückschlagen auf d4. Denn er hat die gefährliche Drohung 21...e3.} (20...
Nxd4 21. Bc3 Nc6 (21... Nxb3 22. Qxd8 Rxd8 23. Bxe5 $18) 22. Qxd8 Nxd8 23. Bxe5
Rxe5 24. Nd4 Nc6 $13) 21. Nxc8 (21. Bf4 Bxf4 22. Rxf4 Nxa5 $15) 21... e3 $5 {
Schwarz geht voran - es droht 22...e2.} (21... Rxc8 22. Re1 Qd7 {[%cal Gd7a4,
Rd7f5]} 23. Bg5 (23. g4 Qd6 {[%cal Rc7h2]}) 23... Qxf5 24. Bxf6 Qxf6 25. Bxe4
$16) 22. Bxe3 Rxe3 23. Nb6 {Weiß hat nichts besseres, er muss einen der beiden
Bauern zurück geben.} (23. Qd2 $2 Rxb3 24. cxb3 Rxc8 $17) 23... Bxb6 24. axb6
Qxb6 $44 {[%cal Gb6g1] Nach unklaren Verwicklungen hat Weiß einen Bauern mehr,
aber seine Königsstellung ist angreifbar.} 25. Kh1 (25. Re1 Rbe8 26. Rxe3 Rxe3
$44) 25... h5 {[%cal Gf6g4] Schwarz öffnet seine Grundlinie und bereitet das
eventuelle Ng4 vor.} 26. c3 {Weiß festigt seinen Zentrumbauern d4, dadurch
verliert zudem die schwarze Dame auf b6 ihre Funktion.} Qb5 {[%cal Gb5e2]} (
26... Rbe8 $44 {[%cal Ge8e1]}) 27. Ra1 Rbe8 {[%mdl 2048] Schwarz übt spürbar
positionellen Druck aus.} 28. Nd2 (28. Nc5 Qxb2 29. Bxc6 bxc6 $15 {Der Pa6
hängt, aber aufgrund der schwachen weißen Königsstellung hat Schwarz die
besseren Chancen.}) 28... Qd3 (28... Qxb2 $2 29. Nc4 Qxc3 30. Nxe3 $16) 29. Rb1
$6 (29. Nf3 $5 Qb5 $44 (29... Qxf5 30. Ne5 $14)) 29... Ng4 {[%csl Gg4]} 30. Nb3
(30. h3 Rxg3 $1 (30... Re2 31. Ne4 $1 (31. hxg4 $2 Rxd2 32. Qf3 Re3 $40) 31...
Qxd1 32. Rbxd1 Rxg2 (32... Ne3 33. Rfe1 Rxg2 34. Rxe3 Rxb2 35. Nf6+ $16) 33.
Kxg2 Ne3+ 34. Kf3 Nxd1 35. Rxd1 $16) 31. hxg4 Re2 (31... Rh3+ $2 32. Kg1 $18)
32. Rf3 Rgxg2 33. Rxd3 Rh2+ 34. Kg1 Rhg2+ $11) 30... Qb5 (30... Qc4) 31. h3 $2
(31. Bf3 Rd3 $36 (31... Rxf3 $5 32. Rxf3 Re2 33. h3 Nf2+ 34. Rxf2 Rxf2 $36))
31... Rd3 $17 {Alle 5 schwarzen Figuren stehen sehr aktiv, während Weiß unter
Problemen bei der Koordination seiner Fiuguren leidet.} 32. Qc2 Rxg3 33. hxg4 (
33. c4 Qxb3 34. Qxb3 Rxb3 35. hxg4 Nxd4 36. gxh5 Re2 $17) 33... Re2 34. c4 Rxc2
35. cxb5 Rgxg2 $19 {[%csl Rh1][%cal Rc2h2] Die Türme auf der 2. Reihe
entscheiden die Partie.} 36. Rfe1 (36. bxc6 Rh2+ 37. Kg1 Rcg2#) 36... axb5 37.
d5 Rh2+ 38. Kg1 Rhg2+ 39. Kh1 h4 40. Re3 (40. dxc6 Rh2+ 41. Kg1 Rcg2+ 42. Kf1
h3 $19 {Weiß hat keine Verteidigung gegen 43...Rh1 Matt.}) 40... Rh2+ 41. Kg1
h3 42. Rg3 (42. Rxh3 Rxh3 43. dxc6 bxc6 $19) 42... Ne5 0-1

[Event "URS-ch U26"]
[Site "Minsk"]
[Date "1990.??.??"]
[Round "?"]
[White "Sorokin, Maxim"]
[Black "Minasian, Artashes"]
[Result "1-0"]
[WhiteElo "2455"]
[BlackElo "2480"]
[Annotator "Schussler,H"]
[PlyCount "45"]
[EventDate "1990.01.??"]
[EventType "tourn"]
[EventRounds "13"]
[EventCountry "URS"]
[EventCategory "10"]
[SourceTitle "CBM 017"]
[Source "ChessBase"]
[SourceDate "1990.08.01"]
[SourceVersion "1"]
[SourceVersionDate "1990.08.01"]
[SourceQuality "1"]

1. d4 Nf6 2. Nf3 c5 3. d5 g6 4. Nc3 Bg7 5. e4 O-O 6. a4 d6 7. Be2 e5 8. Bg5 h6
9. Bh4 g5 10. Bg3 Nh5 11. h4 Nxg3 12. fxg3 f5 13. hxg5 hxg5 14. Nd2 Na6 15.
exf5 Bxf5 16. Bg4 e4 17. Bxf5 Rxf5 18. Qh5 Qd7 19. Qh7+ Kf7 20. Ncxe4 Rh8 21.
Nxd6+ Kf6 22. Rh6+ Ke5 23. O-O-O $1 {23. - Rxh7 24. N2c4 mate.} 1-0

[Event "Salamanca"]
[Site "Salamanca"]
[Date "1990.??.??"]
[Round "3"]
[White "Izeta Txabarri, Felix"]
[Black "Sanz Alonso, Francisco Javier"]
[Result "1-0"]
[WhiteElo "2380"]
[BlackElo "2450"]
[Annotator "Schussler,H"]
[PlyCount "93"]
[EventDate "1990.02.??"]
[EventType "tourn"]
[EventRounds "9"]
[EventCountry "ESP"]
[EventCategory "9"]
[SourceTitle "CBM 018"]
[Source "ChessBase"]
[SourceDate "1990.10.01"]
[SourceVersion "1"]
[SourceVersionDate "1990.10.01"]
[SourceQuality "1"]

1. d4 c5 2. d5 e6 3. Nc3 Nf6 4. e4 d6 5. Bb5+ Nbd7 6. dxe6 fxe6 7. Nf3 a6 8.
Bxd7+ Qxd7 9. e5 dxe5 10. Qe2 e4 11. Nxe4 Nxe4 12. Qxe4 Qd5 13. Qe5 Qxe5+ 14.
Nxe5 Bd6 15. Nc4 Bc7 16. a4 b6 17. Be3 Bb7 18. a5 b5 19. Nb6 Rd8 20. Bxc5 Be5
21. O-O Bxb2 22. Rab1 Bc3 23. Nc4 Bd5 24. Ne3 Kf7 25. Bb6 Rd6 26. Rfd1 Rc8 27.
Rd3 Bf6 28. Rbd1 Bd8 29. Bxd8 Rdxd8 30. f3 Ke7 31. Kf2 Rc5 32. Rd4 Rc3 33. R1d3
Rxd3 34. Rxd3 Rc8 35. Ke1 Kd6 $10 36. Kd2 Ke5 37. c3 g5 38. Rd4 h5 $6 39. h4
Rg8 $6 40. hxg5 Kd6 41. f4 h4 42. Ke2 Rh8 43. Rd3 Kc5 44. Nxd5 exd5 45. f5 Kd6
46. Re3 Rf8 47. f6 1-0

[Event "Sydney Mercantile"]
[Site "Sydney"]
[Date "1991.??.??"]
[Round "7"]
[White "Johansen, Darryl Keith"]
[Black "West, Guy"]
[Result "1-0"]
[WhiteElo "2465"]
[BlackElo "2445"]
[Annotator "Schussler,H"]
[PlyCount "75"]
[EventDate "1991.04.??"]
[EventType "tourn"]
[EventRounds "9"]
[EventCountry "AUS"]
[EventCategory "10"]
[SourceTitle "CBM 023"]
[Source "ChessBase"]
[SourceDate "1991.08.01"]
[SourceVersion "1"]
[SourceVersionDate "1991.08.01"]
[SourceQuality "1"]

1. d4 Nf6 2. Nf3 c5 3. d5 d6 4. Nc3 g6 5. e4 Bg7 6. Be2 O-O 7. O-O Na6 8. Re1
Nc7 9. a4 b6 10. Bf4 Nh5 $6 11. Bg5 h6 12. Be3 e5 13. g3 $1 $14 {White has
more space and a useful c4-square.} Bg4 14. Qd2 Qf6 15. Kg2 Kh7 16. Ng5+ $18
hxg5 17. Bxg5 (17. Bxg4 $6 Bh6 18. h4 Nf4+) 17... Bh3+ 18. Kxh3 Qxf2 19. Be3 (
19. Bxh5 $5 Qxd2 20. Bxg6+) 19... Qf6 20. Rf1 Qe7 21. Bxh5 gxh5 22. Rf5 Rh8 23.
Rxh5+ Kg6 24. Rxh8 Rxh8+ 25. Kg2 Qd7 26. Rf1 Rh5 27. Qe2 Qh3+ 28. Kg1 Ne8 29.
Rf3 Qg4 30. Bc1 a6 31. Nd1 b5 32. Nf2 Qd7 33. g4 Rh4 34. Rf5 f6 35. Qf3 Bh6 36.
Qg3 Bg5 37. Bxg5 fxg5 38. Nh3 1-0

[Event "Barcelona"]
[Site "Barcelona"]
[Date "1990.??.??"]
[Round "4"]
[White "Illescas Cordoba, Miguel"]
[Black "Vera Gonzalez Quevedo, Reynaldo"]
[Result "1-0"]
[WhiteElo "2535"]
[BlackElo "2485"]
[Annotator "Schussler,H"]
[PlyCount "79"]
[EventDate "1990.09.??"]
[EventType "tourn"]
[EventRounds "9"]
[EventCountry "ESP"]
[EventCategory "10"]
[SourceTitle "CBM 021"]
[Source "ChessBase"]
[SourceDate "1991.04.01"]
[SourceVersion "1"]
[SourceVersionDate "1991.04.01"]
[SourceQuality "1"]

1. d4 Nf6 2. Nf3 c5 3. d5 g6 4. Nc3 Bg7 5. e4 d6 6. Be2 O-O 7. O-O e6 8. h3
exd5 9. exd5 a6 10. a4 Re8 11. Bf4 Ne4 12. Nxe4 Rxe4 13. Bg5 Qf8 14. Bd3 Re8
15. c3 Nd7 16. Qb3 h6 17. Bf4 g5 18. Bd2 f5 19. Rae1 Nf6 20. Qc2 Ne4 21. Bc1
Bd7 22. Nd2 Nxd2 23. Bxd2 f4 24. Rxe8 Rxe8 25. f3 b5 26. axb5 axb5 27. Ra1 Re5
28. c4 bxc4 29. Qxc4 Bf5 30. Bc3 Re7 31. Kh2 Be5 32. Ra6 Kh7 33. Bxe5 Rxe5 34.
Bxf5+ Rxf5 35. Qe4 Kg6 36. Rb6 Qd8 37. Rb7 Qf8 38. Rd7 h5 39. Re7 h4 40. Re8 {
White continues with 41. e6+.} 1-0